[Event "Challenge"]
[Site "http://www.queenalice.com/game.php?id=226860"]
[Date "2007.6.18"]
[Round "-"]
[White "pollo"]
[Black "barbieros"]
[Result "1-0"]
[WhiteElo "1358"]
[BlackElo "1539"]

1. d4 Nc6 2. e3 e5 3. dxe5 Nxe5 4. Qd5 Qg5 5. f4 Qh4+ 6. g3 Qe7 7. fxe5 Qb4+ 8.
Nc3 Qb6 9. Bc4 Qe6 10. Qe4 Qc6 11. Bd5 Qc5 12. Qf5 g6 13. Qxf7+ Kd8 14. e4 c6
15. Na4 Qb4+ 16. c3 Nh6 17. Qf6+ Kc7 18. Qxh8 Qxa4 19. Qxf8 cxd5 20. Qd6+ Kd8
21. Qxd5 Qc2 22. Bg5+ Ke8 23. Qd6 Ng8 24. Nh3 Qxe4+ 25. Kd2 Qg2+ 26. Kd3 Qf3+
27. Kc2 Qf5+ 28. Kb3 Qe6+ 29. Qxe6+ dxe6 30. Rad1 Bd7 31. Rhf1 a5 32. a4 Rc8 33.
Rf2 Rc5 34. Rdf1 Bc6 35. Rf8+ Kd7 36. R1f7+ Ne7 37. Rxe7# 1-0

[Event "Challenge"]
[Site "http://www.queenalice.com/game.php?id=227270"]
[Date "2007.6.19"]
[Round "-"]
[White "barbieros"]
[Black "rbivanov"]
[Result "1-0"]
[WhiteElo "1500"]
[BlackElo "1030"]

1. e4 e5 2. Qg4 Nf6 3. Qf5 d5 4. Qxe5+ Qe7 5. Qxe7+ Bxe7 6. Bb5+ Bd7 7. Bxd7+
Nbxd7 8. exd5 Nxd5 9. Nc3 Nxc3 10. dxc3 O-O-O 11. Be3 b6 12. O-O-O Ne5 13. Rxd8+
Rxd8 14. Nf3 Nxf3 15. gxf3 h6 16. Rg1 g5 17. f4 f6 18. fxg5 hxg5 19. f4 Bd6 20.
fxg5 Bxh2 21. Rg2 Be5 22. g6 f5 23. Rg5 f4 24. Rxe5 fxe3 25. Rxe3 Rg8 26. Rg3
Kd7 27. Kd2 Ke6 28. Kd3 Kf6 29. Kd4 Rxg6 30. Rxg6+ Kxg6 31. Kd5 c5 32. b4 cxb4
33. cxb4 Kf5 34. Kc6 Ke5 35. Kb5 Kd4 36. c4 a6+ 37. Kxb6 Kxc4 38. Ka5 Kc3 39. a4
Kb3 40. b5 axb5 41. Kxb5 Kc3 42. a5 Kd4 43. a6 Kd5 44. a7 Kd4 45. a8=Q Ke5 46.
Qc6 Kd4 47. Qc4+ Ke5 48. Kc5 Kf5 49. Kd5 Kf6 50. Qf4+ Ke7 51. Qd6+ Kf7 52. Qe6+
Kf8 53. Kd6 Kg7 54. Ke7 Kh8 55. Qf6+ Kg8 56. Qg5+ Kh7 57. Kf7 Kh8 58. Qg7# 1-0

[Event "Challenge"]
[Site "http://www.queenalice.com/game.php?id=231835"]
[Date "2007.6.28"]
[Round "-"]
[White "AuntieRenie"]
[Black "barbieros"]
[Result "1-0"]
[WhiteElo "1494"]
[BlackElo "1495"]

1. c4 d5 2. Nf3 dxc4 3. Qa4+ Qd7 4. Qxc4 b5 5. Qe4 Bb7 6. Qc2 Nc6 7. d3 Nb4 8.
Qb3 Qd6 9. Ng5 Qc5 10. Nc3 Bd5 11. Nxd5 Nxd5 12. g3 f6 13. Ne6 Qc6 14. Nd4 Qb7
15. Nxb5 Nb6 16. Rg1 Rd8 17. Bg2 Qa6 18. Nxc7+ Kd7 19. Nd5 Nxd5 20. Qxd5+ Kc7
21. Qb3 e5 22. Qc2+ Kb8 23. a3 Nh6 24. Bd2 Rc8 25. Qb3+ Kc7 26. Rc1+ Kd8 27.
Qd5+ Ke8 28. Bh3 Rb8 29. Qd7# 1-0

[Event "Challenge"]
[Site "http://www.queenalice.com/game.php?id=234841"]
[Date "2007.7.5"]
[Round "-"]
[White "eduardofelix"]
[Black "barbieros"]
[Result "0-1"]
[WhiteElo "1546"]
[BlackElo "1460"]

1. e4 Nf6 2. d3 d5 3. Nd2 Bg4 4. Be2 Bxe2 5. Qxe2 e5 6. Nb3 dxe4 7. dxe4 Bb4+ 8.
Bd2 Bxd2+ 9. Nxd2 O-O 10. Nc4 Qd4 11. f3 b5 12. c3 Qxc4 13. Qxc4 bxc4 14. O-O-O
Na6 15. g4 Nc5 16. Kb1 Rab8 17. g5 Nh5 18. Rd5 Na4 19. Rd2 Nf4 20. b4 Nxc3+ 21.
Kb2 Na4+ 22. Ka3 c3 23. Rc2 Nb6 24. Rxc3 Ne6 25. h4 f5 26. exf5 Nd5 27. Rc4 Rxf5
28. Rh2 Ne3 29. Rc6 Rf4 30. Rxe6 Rfxb4 31. Re8+ Rxe8 32. Kxb4 Rb8+ 33. Kc3 a5
34. Re2 Nd5+ 35. Kd2 Rb2+ 36. Ke1 Rxe2+ 37. Kxe2 Nc3+ 38. Kd3 Nxa2 39. Ne2 a4
40. Nc3 Nxc3 41. Kxc3 Kf7 42. Kb4 Kg6 43. Kxa4 Kh5 44. Kb5 Kxh4 45. Kc5 Kxg5 46.
Kd5 Kf4 47. Ke6 g5 48. Kd7 Kxf3 49. Kxc7 e4 50. Kd6 h5 51. Ke5 h4 52. Kf5 g4 53.
Kg5 h3 54. Kh4 h2 0-1

[Event "Fim de Semestre"]
[Site "http://www.queenalice.com/game.php?id=234853"]
[Date "2007.7.5"]
[Round "-"]
[White "rbivanov"]
[Black "barbieros"]
[Result "1-0"]
[WhiteElo "1307"]
[BlackElo "1468"]

1. e4 e5 2. d4 Bb4+ 3. c3 Bd6 4. Nf3 exd4 5. Qxd4 Nf6 6. e5 Qe7 7. Be3 Nc6 8.
Qa4 Nxe5 9. Nxe5 Qxe5 10. Nd2 O-O 11. Nf3 Qe4 12. Qxe4 Nxe4 13. Bd3 Re8 14. O-O
c5 15. Ng5 f5 16. Bc4+ Kf8 17. Nxh7+ Ke7 18. Bg5+ Nxg5 19. Nxg5 Rh8 20. Rfe1+
Kf8 21. Rad1 Bxh2+ 22. Kf1 Rh4 23. Bf7 a5 24. Re8# 1-0

[Event "Challenge"]
[Site "http://www.queenalice.com/game.php?id=237082"]
[Date "2007.7.9"]
[Round "-"]
[White "barbieros"]
[Black "Admilton"]
[Result "1-0"]
[WhiteElo "1433"]
[BlackElo "1502"]

1. e4 e5 2. Nc3 Bb4 3. Nf3 d6 4. Bb5+ Bd7 5. Qe2 Bxc3 6. dxc3 a6 7. Bc4 Qe7 8.
Bd5 Be6 9. Bxb7 Ra7 10. Bxa6 Nxa6 11. Qb5+ Bd7 12. Qd3 Nf6 13. Ng5 Nc5 14. Qc4
h6 15. b4 Ne6 16. Be3 Nxg5 17. Bxa7 Nfxe4 18. Qxc7 Ne6 19. Qb8+ Nd8 20. Bb6 O-O
21. O-O-O Nc6 22. Qc7 Rc8 23. Qb7 Bg4 24. Qa6 Bxd1 25. Qxc8+ Kh7 26. Qxc6 Qg5+
27. Kb2 Nxf2 28. Bxf2 Be2 29. Qxd6 Qxg2 30. Re1 Qxf2 31. Qd2 Qxh2 32. Rxe2 Qh5
33. b5 Qf3 34. Rxe5 Qb7 35. Qd3+ g6 36. Re8 Qb6 37. Re7 Kg7 38. Qd5 Qf6 39.
Rxf7+ Qxf7 40. Qxf7+ Kxf7 41. b6 1-0

[Event "Challenge"]
[Site "http://www.queenalice.com/game.php?id=261199"]
[Date "2007.8.25"]
[Round "-"]
[White "Kleber_Willian"]
[Black "barbieros"]
[Result "1-0"]
[WhiteElo "1694"]
[BlackElo "1480"]

1. e4 d5 2. exd5 Qxd5 3. Nc3 Qg5 4. Qf3 e5 5. d3 Qf6 6. Qxf6 Nxf6 7. Nf3 a5 8.
Nxe5 Bd6 9. Bf4 Nh5 10. g3 Bg4 11. Nxg4 Bxf4 12. gxf4 Nxf4 13. Nb5 Kd8 14. Ne5
Re8 15. d4 f6 16. O-O-O fxe5 17. Rg1 g6 18. dxe5+ Kc8 19. Rg4 c6 20. Nd6+ Kd8
21. Nxe8+ Kxe8 22. Rxf4 Nd7 23. e6 Ne5 24. Re4 Nf3 25. e7 Ng5 26. Re3 h5 27. h4
Nf7 28. Bh3 Nh8 29. Bd7+ Kf7 30. e8=Q+ Rxe8 31. Bxe8+ Kf6 32. Rd6+ Kf5 33. Rd7
b5 34. Rd8 Kf6 35. Bxc6 Nf7 36. Rd5 g5 37. Rf3+ Kg6 38. Be8 gxh4 39. Bxf7+ Kg7
40. Rxh5 Kf8 41. Rxh4 Ke7 42. c4 bxc4 43. Rxc4 Kd6 44. Rd3+ Ke5 45. Rd5+ Kf6 46.
Be8 Ke7 47. Rh5 Kxe8 48. Rc7 Kd8 49. Rg7 1-0

[Event "Challenge"]
[Site "http://www.queenalice.com/game.php?id=277330"]
[Date "2007.9.26"]
[Round "-"]
[White "barbieros"]
[Black "Carla"]
[Result "1-0"]
[WhiteElo "1493"]
[BlackElo "1111"]

1. c4 d6 2. Nf3 Nf6 3. d4 g5 4. Nxg5 Rg8 5. Qb3 h6 6. Nf3 Nc6 7. Na3 Na5 8. Qb5+
Nc6 9. Qa4 Bg7 10. d5 Bd7 11. dxc6 Bxc6 12. Qa5 Ne4 13. Nb5 b6 14. Qa6 Bf6 15.
Nxa7 Nc5 16. Nxc6 Qc8 17. Qxc8+ Rxc8 18. Bxh6 Bxb2 19. Rb1 Bc3+ 20. Nd2 Rh8 21.
Bg5 Kd7 22. Nxe7 Rce8 23. Nd5 Rhg8 24. Nf6+ Kc8 25. Nxe8 Rxe8 26. Rc1 Bb2 27.
Rc2 Ba1 28. Nb3 Be5 29. h4 Na4 30. f4 Bg7 31. h5 Rh8 32. Rd2 Bc3 33. Bf6 Bxf6
34. Rd5 Bc3+ 35. Kf2 Nb2 36. Rf5 Nd1+ 37. Kf3 Rf8 38. h6 Bb2 39. h7 Kb7 40. e4
Bc3 41. e5 Rh8 42. exd6 cxd6 43. Rxf7+ Kb8 44. Rd7 Re8 45. Rxd6 Re3+ 46. Kg4
Nf2+ 47. Kh4 Nxh1 48. Rd8+ Kc7 49. h8=Q Bxh8 50. Rxh8 Ng3 51. Nd2 Nf5+ 52. Kg5
Ne7 53. Rh7 Rg3+ 54. Kf6 Re3 55. Rxe7+ Rxe7 56. Kxe7 1-0

[Event "Challenge"]
[Site "http://www.queenalice.com/game.php?id=277334"]
[Date "2007.9.26"]
[Round "-"]
[White "magdaandreia"]
[Black "barbieros"]
[Result "0-1"]
[WhiteElo "1390"]
[BlackElo "1480"]

1. e3 d5 2. Nc3 g5 3. Qf3 Nf6 4. Bb5+ c6 5. Bd3 Ng4 6. h3 Ne5 7. Qh5 Na6 8. Qxg5
Nb4 9. Qxe5 Bg7 10. Qg5 Rg8 11. Bxh7 f6 12. Qg6+ Kf8 13. d4 Rh8 14. Kd1 Qa5 15.
a3 Qa6 16. Nf3 c5 17. dxc5 Qa5 18. Nh4 e6 19. Ne2 Qxc5 20. Qg4 Rxh7 21. c3 Nd3
22. b4 Qc4 23. Ng6+ Kf7 24. Qg3 Rh6 25. Ngf4 Qb3+ 26. Kd2 Nxf4 27. Nxf4 Bd7 28.
Ke2 Qxc3 29. Rd1 Qxa1 30. Nd3 Bb5 31. Qc7+ Kg8 32. Qxb7 Bxd3+ 33. Rxd3 Rf8 34.
Kd2 Rh4 35. Qxa7 Rc4 36. Ke2 Qxc1 37. Qa6 Qc2+ 38. Rd2 Qe4 39. f3 Qe5 40. f4 Qe4
41. Rd3 Qxg2+ 42. Kd1 Qf1+ 43. Kd2 Qf2+ 44. Kd1 Rc2 45. Rd4 Ra2 46. Qxe6+ Kh8
47. Qf5 Qf1# 0-1

[Event "Challenge"]
[Site "http://www.queenalice.com/game.php?id=277335"]
[Date "2007.9.26"]
[Round "-"]
[White "grega"]
[Black "barbieros"]
[Result "1-0"]
[WhiteElo "1644"]
[BlackElo "1491"]

1. e4 Nf6 2. e5 Nd5 3. d4 f6 4. Nf3 fxe5 5. Bc4 Nb6 6. Be2 exd4 7. Nxd4 d5 8.
Bf4 Nc6 9. Nb5 e5 10. Bg3 Bf5 11. O-O Nb4 12. a3 Nxc2 13. Ra2 Nd4 14. Bxe5 Bxb1
15. Nxc7+ Kf7 16. Nxa8 Bxa2 17. Qxd4 Nxa8 18. Bh5+ Kg8 19. Qf4 Qe7 20. Bd6 Qxd6
21. Bf7# 1-0

[Event "HA HU"]
[Site "http://www.queenalice.com/game.php?id=279725"]
[Date "2007.10.1"]
[Round "-"]
[White "rbivanov"]
[Black "barbieros"]
[Result "1-0"]
[WhiteElo "1603"]
[BlackElo "1505"]

1. d4 Nf6 2. Nc3 d5 3. Bf4 Ne4 4. Nxe4 dxe4 5. e3 Nc6 6. f3 exf3 7. Nxf3 e6 8.
Bc4 Na5 9. c3 Nxc4 10. Qa4+ Qd7 11. Qxc4 b5 12. Qd3 Bb7 13. O-O Bxf3 14. gxf3 h5
15. c4 Rb8 16. cxb5 Rxb5 17. Qc4 Bd6 18. Bxd6 cxd6 19. b3 Rh6 20. Rfc1 Rg6+ 21.
Kh1 e5 22. Qc8+ Ke7 23. Rc7 exd4 24. Qxd7+ Kf6 25. Qxf7+ Ke5 26. Re7+ Re6 27.
Qxe6# 1-0

[Event "Challenge"]
[Site "http://www.queenalice.com/game.php?id=308123"]
[Date "2007.11.21"]
[Round "-"]
[White "alyne_gracyelle"]
[Black "barbieros"]
[Result "0-1"]
[WhiteElo "1484"]
[BlackElo "1471"]

1. e4 d5 2. exd5 Qxd5 3. Nc3 Qe5+ 4. Be2 Nc6 5. Nf3 Qf6 6. Nd5 Qd6 7. Nc3 Nf6 8.
O-O Ng4 9. h3 Nh6 10. Nb5 Qd7 11. Ng5 a6 12. Nc3 e6 13. d3 Qd6 14. Nge4 Qe5 15.
f4 Qd4+ 16. Kh1 f5 17. Ng5 e5 18. Nf3 Qc5 0-1

[Event "Challenge"]
[Site "http://www.queenalice.com/game.php?id=308184"]
[Date "2007.11.21"]
[Round "-"]
[White "barbieros"]
[Black "maizinha"]
[Result "1-0"]
[WhiteElo "1469"]
[BlackElo "1389"]

1. Nc3 e5 2. d4 Bd6 3. Nf3 Nf6 4. dxe5 Bb4 5. exf6 gxf6 6. Bh6 Nc6 7. Qd3 d6 8.
Bg7 Rg8 9. Qxh7 Ke7 10. Qh6 b6 11. Qxf6+ Kd7 12. Qxf7+ Ne7 13. O-O-O Rxg7 14.
Qxg7 Bc5 15. Ne4 Bd4 16. Nxd4 d5 17. Nf6+ Kd6 18. h4 c5 19. Nf3 Nf5 20. Rxd5+
Kc6 21. Ne5+ Kb5 22. e4+ Ka5 23. Nc6+ Ka4 24. Rxd8 Nxg7 25. Ba6 Ne6 26. Rxc8
Rxc8 27. Bxc8 Kb5 28. Bxe6 Kxc6 29. Bd7+ Kc7 30. Rd1 c4 31. h5 b5 32. Bxb5 Kb6
33. Bxc4 Kc5 34. h6 Kxc4 35. h7 a5 36. h8=Q a4 37. Qc8+ Kb4 38. c3+ Kb5 39. Rd7
1-0

[Event "Challenge"]
[Site "http://www.queenalice.com/game.php?id=308188"]
[Date "2007.11.21"]
[Round "-"]
[White "melanny"]
[Black "barbieros"]
[Result "0-1"]
[WhiteElo "1415"]
[BlackElo "1473"]

1. e4 d5 2. e5 Nc6 3. Qh5 Nb4 4. Na3 Qd7 5. Bb5 Nc6 6. d4 a6 7. Ba4 b5 8. Bb3
Nxd4 9. Nf3 Nxf3+ 10. Qxf3 Bb7 11. O-O Rb8 12. Be3 Qe6 13. Qg3 b4 14. Qh3 Qxe5
15. Qg3 Qxg3 16. hxg3 bxa3 17. bxa3 e5 18. Ba4+ c6 19. Ba7 Rc8 20. f4 exf4 21.
gxf4 Bxa3 22. Rab1 Rc7 23. Rfe1+ Ne7 24. Bb6 Rd7 25. Bc5 Bxc5+ 26. Kf1 Rd6 27.
Re2 Rf6 28. g3 Bc8 29. Rb8 g5 30. Bb3 gxf4 31. gxf4 Rxf4+ 32. Kg2 f5 33. Re5
Rg8+ 34. Kh3 Rf3+ 35. Kh4 Bf2+ 36. Kh5 Rh3# 0-1

[Event "Challenge"]
[Site "http://www.queenalice.com/game.php?id=308189"]
[Date "2007.11.21"]
[Round "-"]
[White "Pollyanna"]
[Black "barbieros"]
[Result "1-0"]
[WhiteElo "1485"]
[BlackElo "1487"]

1. e4 d5 2. Nc3 dxe4 3. Nxe4 Bf5 4. Ng3 Bg6 5. d4 Nc6 6. N1e2 Nxd4 7. Nxd4 e5 8.
Bb5+ c6 9. Nxc6 bxc6 10. Bxc6+ Ke7 11. Bxa8 Qxa8 12. O-O h5 13. Re1 f6 14. Qd4
Nh6 15. Bxh6 Rxh6 16. Rad1 Qb7 17. Qd8+ Kf7 18. Rd7+ Qxd7 19. Qxd7+ Kg8 20. Rd1
h4 21. Nf5 Rh5 22. Ne7+ Kh7 23. Nxg6 Kxg6 24. Qe8+ Kh6 25. Qxf8 Kg6 26. Qe8+ Kg5
27. Qxh5+ Kxh5 28. Rd7 g5 29. Kf1 Kg4 30. f3+ Kf4 31. Ke2 e4 32. fxe4 Kxe4 33.
c4 g4 34. c5 f5 35. c6 f4 36. c7 f3+ 37. gxf3+ gxf3+ 38. Kf2 Kf4 39. c8=Q Kg4
40. Qc4+ Kh3 41. Rg7 Kxh2 42. Qxh4# 1-0

[Event "Challenge"]
[Site "http://www.queenalice.com/game.php?id=308190"]
[Date "2007.11.21"]
[Round "-"]
[White "Laurea"]
[Black "barbieros"]
[Result "0-1"]
[WhiteElo "1328"]
[BlackElo "1482"]

1. e4 Nf6 2. Nc3 d5 3. exd5 Nxd5 4. Bc4 Nxc3 5. bxc3 Be6 6. Bxe6 fxe6 7. Nf3 Nc6
8. Rb1 b6 9. Ba3 Qd5 10. Rb2 Rd8 11. O-O Ne5 12. Nxe5 Qxe5 13. Re1 Qf5 14. Qe2
Qg5 15. d3 e5 16. Qxe5 Qxe5 17. Rxe5 c5 18. Rb1 g6 19. h3 Bg7 20. Re4 Bxc3 21.
Rc4 Bf6 22. Re4 Rf8 23. Rbe1 Rf7 24. f4 Bc3 25. R1e3 Rd4 26. g4 Bd2 27. Re2 Rxe4
28. Rxe4 Bxf4 29. Ra4 a5 30. d4 Be3+ 31. Kg2 Rf2+ 0-1

[Event "Challenge"]
[Site "http://www.queenalice.com/game.php?id=308192"]
[Date "2007.11.21"]
[Round "-"]
[White "GummiBear"]
[Black "barbieros"]
[Result "1-0"]
[WhiteElo "1425"]
[BlackElo "1488"]

1. e4 Nc6 2. d4 e5 3. d5 Nd4 4. c3 Qh4 5. cxd4 Qxe4+ 6. Be3 Qxd5 7. Nc3 Qd6 8.
Nf3 Qb4 9. Qc2 d6 10. dxe5 g6 11. Bd3 dxe5 12. Nxe5 Qd6 13. Nf3 Qc6 14. O-O Bg4
15. Rfe1 Bxf3 16. Bb5 Bxg2 17. Bxc6+ Bxc6 18. Bd4+ Be7 19. Bxh8 Nh6 20. Bf6 Ng8
21. Bxe7 Nxe7 22. Rad1 Bf3 23. Rd3 Bc6 24. Qe2 Kf8 25. Qxe7+ Kg8 26. Rd8+ Rxd8
27. Qxd8+ Kg7 28. Qd4+ Kh6 29. Re3 f5 30. Rh3+ Kg5 31. Qh4# 1-0

[Event "Challenge"]
[Site "http://www.queenalice.com/game.php?id=405055"]
[Date "2008.5.19"]
[Round "-"]
[White "barbieros"]
[Black "lily73"]
[Result "1-0"]
[WhiteElo "1492"]
[BlackElo "1493"]

1. f3 Nf6 2. c4 e5 3. b3 e4 4. fxe4 Nxe4 5. d3 Nc5 6. e4 d5 7. exd5 Be7 8. Qc2
O-O 9. d4 Nca6 10. Bd3 c5 11. Bxh7+ Kh8 12. Bf4 Nb4 13. Qe4 g6 14. Bh6 Kxh7 15.
Bxf8 Qxf8 16. Nf3 f5 17. Qe2 cxd4 18. Nxd4 Bc5 19. Nb5 N8a6 20. a3 Qg7 21. N1c3
f4 22. axb4 Nxb4 23. d6 a6 24. Qf3 Nc2+ 25. Ke2 Nxa1 26. Rxa1 g5 27. Qh5+ Kg8
28. h4 gxh4 29. Qxh4 Bg4+ 30. Kd2 Be3+ 31. Kc2 Qg6+ 32. Kb2 Bf5 33. Qh1 Rd8 34.
Nd5 Bc5 35. Ne7+ Kf7 36. Nxg6 Kxg6 37. Qh4 axb5 38. Qxd8 bxc4 39. bxc4 Bd4+ 40.
Ka2 Be6 41. Qe8+ Kf6 42. Rc1 b5 43. Qxb5 Be3 44. Re1 1-0